00360nam a2200157Ia 45000010006000000050017000060080041000230410008000640820017000721000029000892450031001182600009001493000028001586500008001866540008001941390920260306164835.0260306t2009||||xx |||||||||||||| ||spa|| aESP a005.43UbM18 aMako Hill, BenjamineAUT 0aEl libro oficial de Ubuntu c2009 a482 páginas :c23 cm. aGEN aCCC